[Event "AUTO-ADV-1246"]
[Site "http://www.queenalice.com/game.php?id=552002"]
[Date "2009.3.7"]
[Round "1"]
[White "ThurstonRar"]
[Black "REUSKING"]
[Result "1/2-1/2"]
[WhiteElo "1868"]
[BlackElo "2019"]

1. Nf3 Nc6 2. d4 d5 3. c4 e6 4. cxd5 exd5 5. Bf4 Bd6 6. Bxd6 Qxd6 7. Nc3 a6 8.
e3 Nf6 9. Bd3 Bg4 10. O-O O-O 11. Be2 Bf5 12. Nh4 Bd7 13. Rc1 Rfe8 14. Qc2 Ne4
15. Bd3 Nb4 16. Qe2 Nxd3 17. Qxd3 Nxc3 18. Qxc3 c6 19. Nf3 Rac8 20. b4 Bf5 21.
Nd2 Bg6 22. Nb3 Rc7 23. a4 Rce7 24. a5 f6 25. Nc5 Be4 26. Rfe1 Bg6 27. Qd2 h6
28. Qe2 Bh7 29. Rcd1 f5 30. Qh5 Bg6 31. Qh4 f4 32. Qh3 fxe3 33. Rxe3 Rxe3 34.
fxe3 Re7 35. Rf1 Kh7 36. Rf3 Rf7 37. Rxf7 Bxf7 38. Qf5+ Bg6 39. Qc8 Qe7 40. Qe6
Qc7 41. Qd7 Qxd7 42. Nxd7 Bf5 43. Nc5 Bc8 44. Kf2 Kg6 45. Kf3 Kf6 46. Kf4 g5+
47. Kf3 h5 48. g3 Kf5 49. h4 g4+ 50. Ke2 Kf6 51. e4 dxe4 52. Nxe4+ Ke6 53. Ke3
Kd5 54. Nd2 Bf5 55. Kf4 Bg6 56. Ke3 1/2-1/2

[Event "AUTO-ADV-1246"]
[Site "http://www.queenalice.com/game.php?id=552015"]
[Date "2009.3.7"]
[Round "1"]
[White "QuinhoFogo"]
[Black "ThurstonRar"]
[Result "0-1"]
[WhiteElo "1665"]
[BlackElo "1853"]

1. e4 c6 2. Bc4 d5 3. exd5 cxd5 4. Bb5+ Nc6 5. Nc3 d4 6. Bxc6+ bxc6 7. Ne4 Bf5
8. Nc5 e5 9. Nb7 Qb6 10. Nd6+ Bxd6 11. Nf3 Nf6 12. Ng5 Ne4 13. Qh5 O-O 14. g4
Bg6 15. Qh4 Be7 16. d3 Nxg5 17. Bxg5 Bxg5 18. Qxg5 Qxb2 19. O-O Qxc2 20. Qxe5
Qxd3 21. Rad1 Qc2 22. Qxd4 Qxa2 23. f3 h5 24. gxh5 Bxh5 25. Rf2 Qe6 26. Rg2 f6
27. Rf1 Rfd8 28. Qh4 Qe3+ 29. Kh1 Bxf3 30. Qc4+ Bd5 31. Qc1 Bxg2+ 32. Kxg2 Qxc1
33. Rxc1 Rac8 34. h4 c5 35. h5 c4 36. Rg1 Rd5 37. Kh1 Rxh5+ 38. Kg2 Rg5+ 39. Kh1
Rxg1+ 40. Kxg1 c3 41. Kh1 c2 42. Kg1 c1=Q+ 43. Kh2 Rc3 0-1

[Event "AUTO-ADV-1246"]
[Site "http://www.queenalice.com/game.php?id=552016"]
[Date "2009.3.7"]
[Round "1"]
[White "ThurstonRar"]
[Black "QuinhoFogo"]
[Result "1-0"]
[WhiteElo "1861"]
[BlackElo "1632"]

1. Nf3 d5 2. c4 dxc4 3. e4 Bg4 4. Bxc4 Nf6 5. Nc3 Bxf3 6. Qxf3 e5 7. Nd5 Bb4 8.
Nxb4 O-O 9. Nd5 Nxd5 10. Bxd5 Nc6 11. Qb3 Nd4 12. Qc3 c6 13. Bb3 Qg5 14. Qg3
Qxg3 15. hxg3 b5 16. d3 a5 17. Be3 Nxb3 18. axb3 a4 19. bxa4 Rxa4 20. Rxa4 bxa4
21. Bc5 Rd8 22. Kd2 Rb8 23. Kc3 Rb5 24. Ba3 Rb3+ 25. Kd2 g6 26. Rc1 h5 27. Rxc6
g5 28. Ra6 h4 29. gxh4 gxh4 30. Rxa4 Rb6 31. b4 Rg6 32. g3 h3 33. Bb2 f6 34. b5
h2 35. Ra1 Rh6 36. Rh1 Kf7 37. b6 f5 38. b7 Rb6 39. Bxe5 Rxb7 40. Rxh2 Rb2+ 41.
Ke3 Rb5 42. f4 Rxe5 43. Rh5 Rxe4+ 44. dxe4 fxe4 45. Kxe4 Kg6 46. Rg5+ Kf6 47. g4
Kf7 48. Ke5 1-0

[Event "AUTO-ADV-1246"]
[Site "http://www.queenalice.com/game.php?id=552025"]
[Date "2009.3.7"]
[Round "1"]
[White "ThurstonRar"]
[Black "ribeiroBR"]
[Result "0-1"]
[WhiteElo "1886"]
[BlackElo "1954"]

1. Nf3 Nc6 2. d4 d5 3. c4 e6 4. cxd5 exd5 5. Bf4 Nf6 6. e3 Be7 7. Bd3 Bg4 8.
Nbd2 Ne4 9. Nxe4 dxe4 10. Bxe4 O-O 11. O-O Qe8 12. Qc2 g6 13. Bh6 Bf6 14. Bxf8
Kxf8 15. Rac1 Bd7 16. a3 Kg7 17. b4 a6 18. d5 Ne5 19. Qxc7 Nxf3+ 20. Bxf3 b5 21.
Qb6 Bd8 22. Qb7 Bf6 23. Rc7 Bf5 24. e4 Rb8 25. Qxa6 Be5 26. Rb7 Bc8 27. Rxb8
Bxb8 28. Qb6 Be5 29. Rc1 h5 30. Qc6 Bd7 31. Qc5 Qb8 32. Kf1 h4 33. Qe7 Qd6 34.
Qxh4 Bf6 35. Qg3 Be5 36. Qg5 Bf4 37. Qd8 Bxc1 38. Qa5 Bb2 39. Be2 Bd4 40. g3 Qf6
41. f4 Bh3+ 42. Ke1 Bc3+ 43. Kf2 Qd4+ 44. Kf3 Bd2 0-1

[Event "AUTO-ADV-1246"]
[Site "http://www.queenalice.com/game.php?id=552026"]
[Date "2009.3.7"]
[Round "1"]
[White "ribeiroBR"]
[Black "ThurstonRar"]
[Result "1-0"]
[WhiteElo "1971"]
[BlackElo "1873"]

1. e4 c6 2. Nf3 d5 3. e5 Bf5 4. d4 e6 5. Be2 c5 6. O-O Nc6 7. c3 cxd4 8. Nxd4
Bg6 9. Nxc6 bxc6 10. Nd2 Qc7 11. Nf3 Bc5 12. Bf4 Ne7 13. b4 Bb6 14. Be3 Nf5 15.
Qd2 Rd8 16. Bxb6 axb6 17. a4 Ra8 18. Nd4 O-O 19. Nxf5 Bxf5 20. f4 c5 21. Bb5
Rac8 22. Rac1 c4 23. Qd4 Ra8 24. Rf3 Rfb8 25. Rg3 Qe7 26. Re1 Ra7 27. a5 bxa5
28. Ba4 axb4 29. Bd1 b3 30. Bg4 Bd3 31. Rxd3 Qh4 32. Rg3 b2 33. Rb1 Ra1 34. Qd1
Rxb1 35. Qxb1 Qe7 36. Rh3 g6 37. Rf3 Qa3 38. h4 Qa1 39. Rf1 Ra8 40. Kh2 h5 41.
Bh3 Qa3 42. Bxe6 Kf8 43. Bxd5 Ra4 44. Qc2 Qa1 45. Rb1 1-0

[Event "AUTO-ADV-1270"]
[Site "http://www.queenalice.com/game.php?id=562935"]
[Date "2009.3.28"]
[Round "1"]
[White "C_E_L_E"]
[Black "ThurstonRar"]
[Result "1-0"]
[WhiteElo "1939"]
[BlackElo "1910"]

1. d4 Nf6 2. c4 e6 3. Nf3 c5 4. e3 cxd4 5. Nxd4 Nc6 6. Be2 Bc5 7. O-O Qb6 8.
Nxc6 bxc6 9. Nc3 d5 10. cxd5 cxd5 11. Na4 Qa5 12. Nxc5 Qxc5 13. Bd2 O-O 14. a3
Qb6 15. b4 Ne4 16. Rc1 Bb7 17. f3 Nxd2 18. Qxd2 Rac8 19. Qd4 Qxd4 20. exd4 g5
21. Kf2 f6 22. Bd3 e5 23. Ke3 h5 24. g3 Rc6 25. Rxc6 Bxc6 26. Rc1 Rc8 27. Ba6
Rc7 28. b5 1-0

[Event "AUTO-ADV-1270"]
[Site "http://www.queenalice.com/game.php?id=562949"]
[Date "2009.3.28"]
[Round "1"]
[White "ThurstonRar"]
[Black "THECRAZY"]
[Result "0-1"]
[WhiteElo "1858"]
[BlackElo "1908"]

1. Nf3 c5 2. e4 d6 3. d4 cxd4 4. Nxd4 e5 5. Nb3 Be6 6. c4 Nf6 7. Nc3 Nc6 8. Bg5
Be7 9. f4 Qb6 10. f5 Nxe4 11. Nxe4 Bxg5 12. fxe6 Qe3+ 13. Qe2 Nb4 14. exf7+ Ke7
15. Qxe3 Bxe3 0-1

[Event "AUTO-ADV-1270"]
[Site "http://www.queenalice.com/game.php?id=562950"]
[Date "2009.3.28"]
[Round "1"]
[White "THECRAZY"]
[Black "ThurstonRar"]
[Result "1-0"]
[WhiteElo "1922"]
[BlackElo "1844"]

1. d4 Nf6 2. c4 e6 3. Nc3 Bb4 4. Qc2 c5 5. a3 cxd4 6. axb4 dxc3 7. bxc3 Nc6 8.
b5 Ne7 9. Bg5 Ng6 10. O-O-O h6 11. Be3 a5 12. Nf3 a4 13. Bc5 a3 14. Kd2 a2 15.
Ra1 1-0

[Event "AUTO-ADV-1270"]
[Site "http://www.queenalice.com/game.php?id=562951"]
[Date "2009.3.28"]
[Round "1"]
[White "ThurstonRar"]
[Black "Lopesq"]
[Result "1-0"]
[WhiteElo "1883"]
[BlackElo "1821"]

1. Nf3 d5 2. c4 dxc4 3. e4 b5 4. Nc3 c6 5. a4 Qa5 6. b3 b4 7. Na2 c3 8. Qc2 e6
9. dxc3 bxc3 10. Qxc3 Qxc3+ 11. Nxc3 Bb4 12. Bd2 Nf6 13. Bd3 O-O 14. O-O a5 15.
Rad1 Rd8 16. Bc2 Ba6 17. Rfe1 Bb7 18. Na2 c5 19. Bxb4 cxb4 20. Rxd8+ 1-0

[Event "AUTO-ADV-1270"]
[Site "http://www.queenalice.com/game.php?id=562952"]
[Date "2009.3.28"]
[Round "1"]
[White "Lopesq"]
[Black "ThurstonRar"]
[Result "0-1"]
[WhiteElo "1834"]
[BlackElo "1897"]

1. d4 Nf6 2. Nf3 e6 3. Bf4 c5 4. c3 cxd4 5. Bxb8 Rxb8 6. Qxd4 b6 7. e3 Bc5 8.
Qd1 Bb7 9. Nbd2 O-O 10. Be2 Qc7 11. O-O Ne8 12. b4 Bd6 13. Qc2 Bxb4 14. Rac1 Rc8
15. c4 d5 16. Nd4 e5 17. N4f3 Ba3 18. Rb1 Ba6 19. Qb3 Bd6 20. Rfe1 dxc4 21. Qc3
Nf6 22. a3 e4 23. Nh4 Bxh2+ 24. Kh1 Be5 25. Qc2 c3 26. Bxa6 cxd2 27. Qxd2 Bc3
28. Qc2 Bxe1 29. Qxc7 Rxc7 30. Rxe1 Rd8 31. Nf5 Rd2 32. a4 Rcc2 33. Nd4 Ra2 34.
Bb5 Rxf2 35. Rc1 g6 36. Rg1 Ng4 37. Nc6 Nxe3 38. Ne7+ Kg7 39. Kh2 Nxg2 40. Kg3
Rf3+ 41. Kh2 Nh4+ 0-1

[Event "AUTO-ADV-1302"]
[Site "http://www.queenalice.com/game.php?id=576401"]
[Date "2009.4.23"]
[Round "1"]
[White "ThurstonRar"]
[Black "luizpessoa"]
[Result "0-1"]
[WhiteElo "1915"]
[BlackElo "1765"]

1. Nf3 d5 2. c4 d4 3. d3 c5 4. Bf4 Nf6 5. g3 h6 6. Bg2 e6 7. Nbd2 Bd6 8. Bxd6
Qxd6 9. O-O Bd7 10. e4 e5 11. Ne1 Nc6 12. f4 exf4 13. Rxf4 O-O 14. Nef3 Ne5 15.
Qb3 b6 16. a4 Rab8 17. Qa2 Nxd3 18. e5 Qe6 19. exf6 Nxf4 20. fxg7 Kxg7 21. gxf4
Qf5 22. Ne5 Rbd8 23. Rf1 Qc2 24. Ndf3 f6 25. Nxd7 Rxd7 26. Ne1 Qe2 27. a5 bxa5
28. Qxa5 Qxc4 29. Qd2 d3 30. Rf3 Re7 31. Re3 Qd4 0-1

[Event "AUTO-ADV-1302"]
[Site "http://www.queenalice.com/game.php?id=576402"]
[Date "2009.4.23"]
[Round "1"]
[White "luizpessoa"]
[Black "ThurstonRar"]
[Result "0-1"]
[WhiteElo "1753"]
[BlackElo "1905"]

1. e4 c6 2. Bc4 d5 3. Bd3 dxe4 4. Bxe4 Nf6 5. Bf3 Bf5 6. d3 e6 7. Nc3 Bd6 8.
Nge2 Qc7 9. g3 Nbd7 10. a3 Bh3 11. Be3 Ne5 12. Nf4 Nxf3+ 13. Qxf3 Bg4 14. Qg2
O-O 15. h3 Bf5 16. g4 Bg6 17. Nxg6 fxg6 18. h4 Bf4 19. O-O-O a5 20. Bxf4 Qxf4+
21. Kb1 Nxg4 22. f3 Ne3 23. Qe2 Nxd1 24. Qxd1 Qxf3 25. Qe1 b5 26. Qxe6+ Kh8 27.
Re1 Qf6 28. Qg4 Rae8 29. Ne4 Qf4 30. Qd7 Qxh4 31. Re2 Qh5 32. Rf2 Qd5 33. Rxf8+
Rxf8 34. Qe7 Rf1# 0-1

[Event "AUTO-ADV-1302"]
[Site "http://www.queenalice.com/game.php?id=576403"]
[Date "2009.4.23"]
[Round "1"]
[White "ThurstonRar"]
[Black "FabioSelinger"]
[Result "0-1"]
[WhiteElo "1873"]
[BlackElo "1893"]

1. Nf3 c6 2. e4 d5 3. e5 Bf5 4. Nh4 Bg6 5. Nxg6 hxg6 6. d4 e6 7. a3 Nd7 8. Bd3
Ne7 9. Bg5 Qb6 10. Be3 Qxb2 11. Nd2 Nf5 12. Bxf5 gxf5 13. c4 dxc4 14. Nxc4 Qc3+
15. Nd2 f4 16. Rc1 Qd3 17. Bxf4 Qxd4 18. Rc4 Qd5 19. Re4 O-O-O 20. Qb3 Qxb3 21.
Nxb3 Bxa3 22. Ra4 Bb2 23. Rxa7 Bxe5 24. Bxe5 Nxe5 25. O-O Kc7 0-1

[Event "AUTO-ADV-1302"]
[Site "http://www.queenalice.com/game.php?id=576404"]
[Date "2009.4.23"]
[Round "1"]
[White "FabioSelinger"]
[Black "ThurstonRar"]
[Result "1-0"]
[WhiteElo "1803"]
[BlackElo "1895"]

1. e4 c6 2. d4 d5 3. exd5 cxd5 4. c4 Nf6 5. Nc3 Bf5 6. Nf3 e6 7. Ne5 Nc6 8. Qa4
Qb6 9. Nb5 a6 10. Nxc6 bxc6 11. Nc3 Bd6 12. c5 1-0

[Event "AUTO-ADV-1302"]
[Site "http://www.queenalice.com/game.php?id=576405"]
[Date "2009.4.23"]
[Round "1"]
[White "ThurstonRar"]
[Black "fire4"]
[Result "1-0"]
[WhiteElo "1892"]
[BlackElo "1813"]

1. Nf3 d5 2. c4 d4 3. d3 Bg4 4. e4 c5 5. Be2 Nc6 6. Bf4 Bxf3 7. Bxf3 e5 8. Bg3
Nf6 9. O-O h5 10. Bh4 Be7 11. Be2 Qd6 12. Qd2 O-O-O 13. f4 Nxe4 14. dxe4 Bxh4
15. fxe5 Nxe5 16. Bd3 g5 17. g3 g4 18. gxh4 Nf3+ 19. Rxf3 gxf3 20. Qf2 Rhg8+ 21.
Kf1 Rg2 22. Qxf3 Qxh2 23. Ke1 Qh1+ 24. Bf1 d3 25. Qxg2 Qxh4+ 26. Kd2 Qf4+ 27.
Kd1 Qe3 28. Qh3+ Qxh3 29. Bxh3+ Kc7 30. Kd2 Rd4 31. Nc3 1-0

[Event "AUTO-ADV-1302"]
[Site "http://www.queenalice.com/game.php?id=576406"]
[Date "2009.4.23"]
[Round "1"]
[White "fire4"]
[Black "ThurstonRar"]
[Result "1-0"]
[WhiteElo "1798"]
[BlackElo "1893"]

1. c4 e5 2. Nc3 Nf6 3. g3 Bc5 4. Bg2 Nc6 5. d3 O-O 6. h4 Ng4 7. e3 f5 8. Bd5+
Kh8 9. a3 f4 10. Qxg4 fxe3 11. fxe3 d6 12. Qe2 Qf6 13. Ne4 Qf5 14. b4 Bxb4+ 15.
axb4 Nxb4 16. Nh3 Qg6 17. Nhg5 h6 18. Qh2 Nxd3+ 19. Ke2 Nxc1+ 20. Raxc1 c6 21.
Bf7 Rxf7 22. Nxf7+ Qxf7 23. Nxd6 Bg4+ 24. Ke1 Qc7 25. Qd2 Kg8 26. Rf1 Rd8 27. c5
b6 28. Qb4 bxc5 29. Qxg4 Qxd6 30. Rf2 1-0